000 00786cam a22002174a 4500
001 12923057
005 20251105173457.0
008 020909s2003 nyu b 001 0 eng
020 _a0078298776
020 _a9780078298776
050 0 0 _aT10.5
_b.T4135 2003
082 0 0 _a808/.0666
_221
245 0 0 _aTechnical communications :
_b10 ways to manage technical documents.
260 _aNew York :
_bGlencoe/McGraw-Hill,
_cc2003.
300 _axviii, 206 p. ;
_c28 cm.
440 0 _aGlencoe professional communication series
650 0 _aCommunication of technical information.
856 4 2 _3Publisher description
_uhttp://www.loc.gov/catdir/description/mh031/2002014580.html
856 4 1 _3Table of contents
_uhttp://www.loc.gov/catdir/toc/mh031/2002014580.html
942 _2lcc
_cBK
_n0
999 _c8097
_d8097